[Event "World Blitz Women 2023"]
[Site "Samarkand UZB"]
[Date "2023.12.30"]
[Round "13.22"]
[White "Toncheva, Nadya"]
[Black "Buksa, Nataliya"]
[Result "1-0"]
[WhiteElo "2162"]
[BlackElo "2316"]
[EventDate "2023.12.29"]

1. e4 c5 2. c3 d5 3. exd5 Nf6 4. Bb5+ Nbd7 5. Nf3 Nxd5 6. O-O e6 7. d4 cxd4
8. Qxd4 a6 9. Ba4 b5 10. Bc2 Qb6 11. Qxb6 N7xb6 12. Nbd2 Bb7 13. Nb3 Rc8
14. Nbd4 Be7 15. Re1 O-O 16. a4 bxa4 17. Bxa4 Nxa4 18. Rxa4 Nb6 19. Ra1
Rfd8 20. Bg5 Bxg5 21. Nxg5 Nd5 22. Ngf3 Nf4 23. Red1 Rd6 24. Nc2 Rxd1+ 25.
Rxd1 Bxf3 26. gxf3 a5 27. Rd2 g5 28. Ne3 h5 29. Ng2 Nd5 30. Ne3 Nf4 31. Ng2
Ng6 32. Kf1 Ne5 33. Ke2 Rb8 34. Ne3 Ng6 35. Nc4 Nf4+ 36. Kd1 Rb5 37. Nd6
Re5 38. Ne4 Kg7 39. c4 g4 40. c5 gxf3 41. Rd4 Nd5 42. c6 f5 43. Ng3 h4 44.
Nf1 Kf6 45. Rc4 Nc7 46. Ne3 Rb5 47. Kc2 Rb6 48. Rc5 a4 49. Nf1 Ke7 50. Nd2
h3 51. Nxf3 Kd6 52. Rc3 Rxc6 53. Rxc6+ Kxc6 54. Ng1 Nb5 55. Nxh3 Nd4+ 56.
Kd3 Nf3 57. Nf4 Kd6 58. h3 e5 59. Ne2 Ne1+ 60. Kd2 Ng2 61. Nc3 e4 62. Nxa4
Ke5 63. b4 f4 64. Nc3 Kd4 65. b5 e3+ 66. fxe3+ fxe3+ 67. Kc2 Nf4 68. b6 e2
69. Nxe2+ Nxe2 70. b7 Ke3 71. b8=Q Nd4+ 72. Kd1 Nf3 73. Qb3+ Kf4 74. Qa4+
Kg3 75. Ke2 Ng1+ 76. Kf1 Nxh3 77. Qb3+ Kg4 78. Kg2 Nf4+ 79. Kf2 Nh3+ 80.
Ke3 Ng5 81. Qc4+ Kf5 82. Qf4+ Kg6 83. Qe5 Nf7 84. Qa5 Ng5 85. Kf4 Nf7 86.
Qf5+ Kg7 87. Qe6 Nh6 88. Qa6 Kh7 89. Kg5 Ng8 90. Qa7+ Kh8 91. Kg6 Ne7+ 92.
Qxe7 1-0

[Event "World Blitz Women 2023"]
[Site "Samarkand UZB"]
[Date "2023.12.30"]
[Round "13.23"]
[White "Kiolbasa, Oliwia"]
[Black "Lesbekova, Assel"]
[Result "1-0"]
[WhiteElo "2313"]
[BlackElo "1861"]
[EventDate "2023.12.29"]

1. e4 e5 2. Nf3 Nf6 3. Nxe5 Nxe4 4. Qe2 Qe7 5. Qxe4 d6 6. d4 dxe5 7. dxe5
Nc6 8. Nc3 Qxe5 9. Qxe5+ Nxe5 10. Bf4 Bd6 11. Bg3 Bf5 12. O-O-O O-O-O 13.
Nb5 a6 14. Nxd6+ cxd6 15. h3 f6 16. f4 Ng6 17. Bc4 Rhe8 18. Rhe1 Be4 19.
Rd2 f5 20. Bf7 Rf8 21. Bd5 Bxd5 22. Rxd5 Kc7 23. h4 h5 24. Re6 Nh8 25. Bf2
g6 26. Rd3 Rfe8 27. Rdxd6 Rxe6 28. Rxe6 Rd6 29. Re8 Nf7 30. Re7+ Rd7 31.
Re6 Rd6 32. Re8 Nh6 33. Bc5 Rd7 34. Re6 Rd5 35. Bb6+ Kd7 36. Rxg6 Ng4 37.
c4 Rd3 38. c5 Rg3 39. b4 Rxg2 40. a4 Rh2 41. b5 axb5 42. axb5 Rh3 43. c6+
bxc6 44. bxc6+ Ke7 45. Kd2 Rb3 46. c7 Kd7 47. Rg7+ 1-0

[Event "World Blitz Women 2023"]
[Site "Samarkand UZB"]
[Date "2023.12.30"]
[Round "13.24"]
[White "Borisova, Ekaterina"]
[Black "Cori T., Deysi"]
[Result "1-0"]
[WhiteElo "2130"]
[BlackElo "2304"]
[EventDate "2023.12.29"]

1. d4 g6 2. c4 Bg7 3. e4 d6 4. f3 c5 5. d5 Nf6 6. Nc3 a6 7. Bd3 O-O 8. Nge2
e6 9. a4 exd5 10. cxd5 Nbd7 11. Ng3 Ne5 12. Be2 Bd7 13. O-O h5 14. h3 Re8
15. f4 Neg4 16. hxg4 Nxg4 17. Bxg4 Bd4+ 18. Rf2 Bxg4 19. Qd3 Qh4 20. Nh1
Bxf2+ 21. Nxf2 Bd7 22. g3 Qf6 23. Be3 b5 24. e5 dxe5 25. Nce4 Qg7 26. Nxc5
Bf5 27. Qd2 bxa4 28. d6 Rab8 29. d7 Red8 30. Rxa4 exf4 31. Bxf4 Rxb2 32.
Qa5 Qf6 1-0

[Event "World Blitz Women 2023"]
[Site "Samarkand UZB"]
[Date "2023.12.30"]
[Round "13.25"]
[White "Gaboyan, Susanna"]
[Black "Padmini, Rout"]
[Result "1-0"]
[WhiteElo "2086"]
[BlackElo "2302"]
[EventDate "2023.12.29"]

1. Nf3 c5 2. g3 Nc6 3. Bg2 d5 4. d4 e6 5. O-O Nf6 6. c4 dxc4 7. Qa4 cxd4 8.
Nxd4 Qxd4 9. Bxc6+ Bd7 10. Rd1 Bxc6 11. Qxc6+ bxc6 12. Rxd4 Rd8 13. Rxd8+
Kxd8 14. Nd2 c3 15. bxc3 Bc5 16. Nb3 Bb6 17. a4 Ne4 18. e3 Nxc3 19. Bb2 Ne4
20. Bxg7 Rg8 21. Be5 f6 22. a5 Bc7 23. Bd4 a6 24. f3 e5 25. fxe4 exd4 26.
exd4 Kd7 27. Nc5+ Ke7 28. Nxa6 Bd6 29. Nc5 h5 30. a6 Ra8 31. Kf2 Bc7 32.
Rb1 Bb8 33. Rb7+ Kd6 34. Rd7# 1-0

[Event "World Blitz Women 2023"]
[Site "Samarkand UZB"]
[Date "2023.12.30"]
[Round "13.1"]
[White "Rakshitta, Ravi"]
[Black "Badelka, Olga"]
[Result "0-1"]
[WhiteElo "2225"]
[BlackElo "2262"]
[EventDate "2023.12.29"]

1. e4 e5 2. Nf3 Nc6 3. d4 exd4 4. Nxd4 Bc5 5. Nb3 Bb6 6. Qe2 d6 7. Nc3 a5
8. a4 Nge7 9. Be3 Bxe3 10. Qxe3 Nb4 11. Bd3 Be6 12. Nd4 O-O 13. O-O Nec6
14. Nxe6 fxe6 15. f4 Qe7 16. Ne2 Nxd3 17. Qxd3 e5 18. f5 Kh8 19. Nc3 Nb4
20. Qe2 c6 21. Rf3 h6 22. Raf1 d5 23. exd5 cxd5 24. Rh3 e4 25. Qd2 Rad8 26.
Nb5 Nc6 27. c3 Ne5 28. Nd4 Nc4 29. Qf4 Rd6 30. Qg4 e3 31. Ne6 Rxe6 32. fxe6
Rxf1+ 33. Kxf1 Qf6+ 34. Rf3 Nd2+ 35. Ke2 Nxf3 36. gxf3 Qe5 37. Qg6 d4 38.
cxd4 Qxd4 39. Qd3 Qxb2+ 40. Kxe3 Qb6+ 41. Kf4 Qxe6 42. Qd8+ Kh7 43. Qxa5
Qd6+ 44. Qe5 Qd2+ 45. Ke4 Qe2+ 46. Kd4 Qxf3 47. a5 Qc6 48. Qf5+ Kg8 49. Ke3
Qc3+ 50. Ke2 Qb2+ 51. Ke3 Qc3+ 52. Ke2 Qc6 53. Ke3 g6 54. Qe5 Kf7 55. Qf4+
Kg7 56. Qe5+ Kf7 57. Qf4+ Qf6 58. Qc7+ Qe7+ 59. Qxe7+ Kxe7 60. Ke4 Ke6 61.
Kf4 g5+ 62. Kg4 Kf6 63. Kh5 Kg7 64. h4 gxh4 65. Kxh4 Kg6 66. Kg4 h5+ 67.
Kh4 Kh6 68. Kg3 Kg5 69. Kh3 h4 70. Kg2 Kg4 71. Kh2 h3 72. Kg1 Kf5 73. Kh2
Ke5 74. Kxh3 Kd5 75. Kg3 Kc5 76. a6 bxa6 77. Kf3 Kc4 78. Ke2 Kb3 79. Kd2
Kb2 80. Kd3 a5 81. Kc4 a4 82. Kb4 a3 0-1

[Event "World Blitz Women 2023"]
[Site "Samarkand UZB"]
[Date "2023.12.30"]
[Round "13.2"]
[White "Matnadze Bujiashvili, Ann"]
[Black "Pourkashiyan, Atousa"]
[Result "0-1"]
[WhiteElo "2428"]
[BlackElo "2221"]
[EventDate "2023.12.29"]

1. Nf3 d5 2. b3 Nf6 3. Bb2 e6 4. g3 c5 5. Bg2 Nc6 6. O-O Be7 7. d3 O-O 8.
Nbd2 b6 9. h3 Bb7 10. e4 Rc8 11. Re1 b5 12. e5 Nd7 13. c4 bxc4 14. bxc4 Nb6
15. Rb1 Nb4 16. Qe2 dxc4 17. dxc4 Nd3 18. Red1 Nxb2 19. Rxb2 Qc7 20. Ne4
Bxe4 21. Qxe4 Rfd8 22. Rdb1 Qd7 23. Bf1 h6 24. Rb5 Bg5 25. h4 Be7 26. Be2
Bf8 27. Qc2 Qc6 28. a4 Nd7 29. a5 Rb8 30. Qc3 Qc7 31. Bd3 Qc6 32. Be2 a6
33. Rxb8 Rxb8 34. Rxb8 Nxb8 35. Nd2 Nd7 36. f4 Qa4 37. Kf2 Nb8 38. Bf3 Nc6
39. Bxc6 Qxc6 40. Qb3 Qh1 41. Nf3 Qa1 42. Qb6 Qa2+ 43. Ke3 Qxc4 44. Qd8
Qc3+ 45. Ke2 c4 46. h5 Qc2+ 47. Ke3 c3 48. Qc8 Qc1+ 49. Ke4 c2 50. Kd3 Qd1+
0-1

[Event "World Blitz Women 2023"]
[Site "Samarkand UZB"]
[Date "2023.12.30"]
[Round "13.3"]
[White "Sahithi, Varshini M"]
[Black "Krush, Irina"]
[Result "1-0"]
[WhiteElo "2189"]
[BlackElo "2359"]
[EventDate "2023.12.29"]

1. e4 c5 2. Nf3 d6 3. d4 cxd4 4. Nxd4 Nf6 5. Nc3 Nc6 6. Bc4 e6 7. Be3 a6 8.
Bb3 Qc7 9. Qe2 Na5 10. O-O Be7 11. f3 O-O 12. Qf2 Nc4 13. Bxc4 Qxc4 14.
Rad1 b5 15. Nb3 a5 16. a4 bxa4 17. Rd4 Qc7 18. Rxa4 Bd7 19. Bb6 Qb7 20.
Rxa5 Rfb8 21. Rxa8 Rxa8 22. Be3 e5 23. Ne2 Be6 24. Nec1 d5 25. exd5 Nxd5
26. Bc5 Bg5 27. Re1 f6 28. Ba3 Bf7 29. Nd3 Nb6 30. Nbc5 Qc6 31. Ne4 Bh6 32.
Bc5 Nc4 33. b3 Na5 34. Nd6 Be6 35. Ra1 Bg5 36. b4 Nc4 37. Rxa8+ Qxa8 38.
Ne4 1-0

[Event "World Blitz Women 2023"]
[Site "Samarkand UZB"]
[Date "2023.12.30"]
[Round "13.4"]
[White "Nomin-Erdene, Davaademberel"]
[Black "Serikbay, Assel"]
[Result "1-0"]
[WhiteElo "2299"]
[BlackElo "2126"]
[EventDate "2023.12.29"]

1. e4 c5 2. Nf3 e6 3. d4 cxd4 4. Nxd4 a6 5. c4 Nf6 6. Nc3 Qc7 7. a3 b6 8.
Be3 Bb7 9. f3 Be7 10. Be2 d6 11. Rc1 O-O 12. O-O Nbd7 13. b4 Rac8 14. Qd2
Rfd8 15. Rc2 Qb8 16. Rb1 Qa8 17. Na4 d5 18. exd5 exd5 19. Nf5 Bf8 20. c5
bxc5 21. bxc5 d4 22. Bxd4 Bxc5 23. Nxc5 Nxc5 24. Ne7+ Kh8 25. Nxc8 Ne6 26.
Nb6 Qb8 27. Rc4 Qd6 28. Rd1 Nf4 29. Bf1 N6d5 30. Nxd5 Nxd5 31. Bf2 h6 32.
Rd4 Qg6 33. Bc4 1-0

[Event "World Blitz Women 2023"]
[Site "Samarkand UZB"]
[Date "2023.12.30"]
[Round "13.5"]
[White "Khamdamova, Afruza"]
[Black "Bobomurodova, Maftuna"]
[Result "1-0"]
[WhiteElo "2295"]
[BlackElo "1814"]
[EventDate "2023.12.29"]

1. e4 e5 2. Nf3 Nc6 3. Bb5 Nf6 4. d3 Bc5 5. O-O d6 6. h3 O-O 7. c3 Bb6 8.
Nbd2 Ne7 9. Re1 c6 10. Ba4 Ng6 11. Nf1 Nh5 12. d4 Nhf4 13. Be3 Qe7 14. Ng3
Rd8 15. Kh2 Qf6 16. Bc2 Bc7 17. d5 c5 18. c4 Ba5 19. Rf1 Bd7 20. a3 b5 21.
b3 Rdb8 22. Nf5 Bc3 23. Rb1 b4 24. a4 Ne7 25. Nxe7+ Qxe7 26. Ng1 Qf6 27. g3
Ng6 28. Qe2 a5 29. Rbd1 Bd4 30. Bxd4 cxd4 31. Bd3 Qe7 32. Rfe1 Rf8 33. Qf3
Qg5 34. Qg2 f5 35. exf5 Bxf5 36. Bxf5 Qxf5 37. Rd2 Rf7 38. Qe4 Raf8 39.
Qxf5 Rxf5 40. Kg2 h5 41. h4 Ne7 42. Ree2 Kh7 43. Rd3 Ng8 44. Nh3 Nf6 45.
Ng5+ Kg6 46. f3 Nh7 47. Ne6 Rc8 48. f4 Nf6 49. fxe5 dxe5 50. d6 Nd7 51. Re4
Rf6 52. Ng5 Nc5 53. Rd2 Nxe4 54. Nxe4 Re6 55. c5 Kf5 56. Kf3 Kg6 57. Ke2
Kh6 58. Kd3 Rg6 59. Kc4 Rg4 60. Kd5 Rg6 61. c6 Rf8 62. c7 Rc8 63. d7 Rxc7
64. d8=Q Rcc6 65. Qh8# 1-0

[Event "World Blitz Women 2023"]
[Site "Samarkand UZB"]
[Date "2023.12.30"]
[Round "13.6"]
[White "Mammadova, Gulnar"]
[Black "Kazarian, Anna-Maja"]
[Result "1-0"]
[WhiteElo "2247"]
[BlackElo "2023"]
[EventDate "2023.12.29"]

1. e4 e6 2. Qe2 Nc6 3. Nf3 e5 4. c3 Bc5 5. b4 Bd6 6. b5 Nce7 7. d4 Ng6 8.
Nbd2 Nf4 9. Qe3 exd4 10. cxd4 Ne6 11. e5 Bb4 12. d5 Nf8 13. Bc4 b6 14. O-O
Ng6 15. d6 Bb7 16. Qb3 Bxd2 17. Bxf7+ Kf8 18. Bxd2 cxd6 19. Bg5 Qb8 20.
exd6 Qxd6 21. Rfd1 Qc5 22. Bxg6 hxg6 23. Rxd7 1-0

[Event "World Blitz Women 2023"]
[Site "Samarkand UZB"]
[Date "2023.12.30"]
[Round "13.7"]
[White "Rudzinska, Michalina"]
[Black "Batsiashvili, Nino"]
[Result "1/2-1/2"]
[WhiteElo "2113"]
[BlackElo "2233"]
[EventDate "2023.12.29"]

1. e4 e5 2. Nf3 Nc6 3. Nc3 Nf6 4. Bb5 Bd6 5. d3 O-O 6. O-O h6 7. a3 a6 8.
Bc4 Bc5 9. Be3 Bxe3 10. fxe3 d6 11. h3 Re8 12. Nh4 Be6 13. Nf5 Bxc4 14.
dxc4 Re6 15. Nd5 Nh7 16. h4 Rg6 17. Qf3 Qd7 18. Nfe7+ Nxe7 19. Qxf7+ Kh8
20. Nxe7 Rxg2+ 21. Kxg2 Qg4+ 22. Kh2 Qxh4+ 23. Kg2 Qg4+ 24. Kh2 Qh4+ 25.
Kg2 Qg4+ 26. Kh2 1/2-1/2

[Event "World Blitz Women 2023"]
[Site "Samarkand UZB"]
[Date "2023.12.30"]
[Round "13.8"]
[White "Getman, Tatyana"]
[Black "Balabayeva, Xeniya"]
[Result "0-1"]
[WhiteElo "2014"]
[BlackElo "2202"]
[EventDate "2023.12.29"]

1. d4 d5 2. c4 e6 3. Nc3 Nf6 4. cxd5 exd5 5. Bg5 Be7 6. e3 c6 7. Bd3 Nbd7
8. Qc2 Nh5 9. Bxe7 Qxe7 10. O-O-O Nb6 11. Nf3 g6 12. Kb1 Be6 13. Rc1 Ng7
14. Rhe1 O-O 15. h3 Nf5 16. g4 Nd6 17. Ne5 f6 18. Nf3 Rae8 19. Rg1 Nd7 20.
h4 f5 21. g5 f4 22. Ne5 fxe3 23. fxe3 Nxe5 24. dxe5 Nf5 25. e4 Nd4 26. Qa4
Nf3 27. Rgd1 b5 28. Qa6 Nxe5 29. Bc2 Bc8 30. Qa5 Nc4 31. Nxd5 Nxa5 32.
Nxe7+ Rxe7 33. Rd6 Re6 34. Rd4 Rfe8 35. b3 Kg7 36. Rcd1 R6e7 37. Rd6 Bg4
38. R1d2 Bf3 39. h5 gxh5 40. e5 Rxe5 41. Rh6 Be4 42. Rd7+ R8e7 43. Rxe7+
Rxe7 44. Rxh5 Bxc2+ 45. Kxc2 Kg6 46. Rh6+ Kxg5 47. Rh2 h5 48. Kc3 c5 49. a4
Re3+ 50. Kc2 Rxb3 0-1

[Event "World Blitz Women 2023"]
[Site "Samarkand UZB"]
[Date "2023.12.30"]
[Round "13.9"]
[White "Savitha, Shri B"]
[Black "Injac, Teodora"]
[Result "0-1"]
[WhiteElo "2183"]
[BlackElo "2287"]
[EventDate "2023.12.29"]

1. e4 e5 2. Nf3 Nc6 3. Bb5 a6 4. Ba4 d6 5. O-O Nf6 6. d4 b5 7. Bb3 Nxd4 8.
Nxd4 exd4 9. a4 Bb7 10. Re1 Be7 11. Qxd4 c5 12. Qe3 c4 13. Ba2 O-O 14. Nc3
Re8 15. Bd2 Bf8 16. Qf4 d5 17. axb5 axb5 18. e5 Ne4 19. Nxb5 Qb6 20. Nc3
Nxd2 21. Qxd2 d4 22. Ne2 Bc5 23. Bxc4 d3 24. Ng3 Rxa1 25. Rxa1 Qxb2 26. Rc1
Bb4 27. Qf4 Rf8 28. Bxd3 Ba3 29. Rf1 g6 30. h4 Rd8 31. h5 Bf8 32. Qf6 Re8
33. hxg6 hxg6 34. Bc4 Re7 35. Bb3 Qxe5 36. Bxf7+ Kh7 37. Qxe5 Rxe5 38. Bb3
Bc5 39. Rd1 Bc6 40. Bc4 Kg7 41. Bd3 Rg5 42. Kh2 Rg4 43. f3 Rh4# 0-1

[Event "World Blitz Women 2023"]
[Site "Samarkand UZB"]
[Date "2023.12.30"]
[Round "13.10"]
[White "Lu, Miaoyi"]
[Black "Poliakova, Varvara"]
[Result "1-0"]
[WhiteElo "2284"]
[BlackElo "2049"]
[EventDate "2023.12.29"]

1. e4 e5 2. Nf3 Nc6 3. Bb5 a6 4. Ba4 Nf6 5. O-O Be7 6. d3 b5 7. Bb3 d6 8.
c3 O-O 9. h3 Bb7 10. Re1 Re8 11. Nbd2 Bf8 12. Nf1 h6 13. Ng3 d5 14. exd5
Nxd5 15. a4 Nf6 16. Be3 Qd7 17. Nh4 Rad8 18. Bc2 Nd5 19. Bd2 g6 20. Ne4 Qe7
21. Qg4 Bc8 22. Qg3 Kh7 23. axb5 axb5 24. d4 Bg7 25. dxe5 Be6 26. f4 Nb6
27. Be3 Nc4 28. Bc5 Qd7 29. Rad1 Qc8 30. Nxg6 fxg6 31. Nf6+ Kh8 32. Qxg6
Bg8 33. Nxg8 Kxg8 34. Qh7+ 1-0

[Event "World Blitz Women 2023"]
[Site "Samarkand UZB"]
[Date "2023.12.30"]
[Round "13.11"]
[White "Abdulla, Khayala"]
[Black "Fataliyeva, Ulviyya"]
[Result "1-0"]
[WhiteElo "2118"]
[BlackElo "2268"]
[EventDate "2023.12.29"]

1. d4 Nf6 2. Nf3 e6 3. Bf4 d5 4. e3 c5 5. c3 Bd6 6. Bb5+ Nc6 7. Bxc6+ bxc6
8. Bxd6 Qxd6 9. Qa4 O-O 10. Qa3 a5 11. Qxc5 Qxc5 12. dxc5 Rb8 13. b3 Ne4
14. Ne5 Nxc5 15. Nxc6 Ra8 16. Ne7+ Kh8 17. Nxc8 Rfxc8 18. f3 a4 19. b4 Nd7
20. Kd2 Rc6 21. Na3 Rac8 22. Rhc1 Nb6 23. Rab1 h5 24. b5 Rc5 25. Rb4 g6 26.
h4 Kg7 27. e4 Kf8 28. g3 Ke7 29. e5 R8c7 30. f4 Kd8 31. Rd4 Kc8 32. Kd3 Kb8
33. Rb4 Rd7 34. Kd4 Rdc7 35. Nb1 Rc4+ 36. Rxc4 Rxc4+ 37. Kd3 Rc5 38. Na3
Nc4 39. Nxc4 dxc4+ 40. Kd4 Rxb5 41. Kxc4 Rb2 42. a3 Rb3 43. Rd1 Kc7 44. Rd4
Rxa3 45. Kb4 Rb3+ 46. Kc4 Rb1 47. Rd6 a3 48. Ra6 Ra1 49. Kb3 Kb7 50. Rxa3
Rg1 51. Kc4 Rxg3 52. Kb5 Rf3 53. Rb3 Rxf4 54. c4 Re4 55. c5 Rxe5 56. Rd3
Kc7 57. Ra3 Kb7 58. Rd3 Rd5 59. Rf3 f5 60. Rg3 Rd1 61. Rxg6 Rb1+ 62. Kc4 e5
63. Rg7+ Kc6 64. Rg6+ Kc7 65. Kd5 e4 66. Rg7+ Kb8 67. Kc6 e3 68. Rg8+ Ka7
69. Rg7+ Ka6 70. Rg8 Ka7 71. Rg7+ Ka8 72. Rg8+ Ka7 73. Rg7+ Ka8 74. Rg8+
Rb8 75. Rg1 Re8 76. Kc7 e2 77. Ra1# 1-0

[Event "World Blitz Women 2023"]
[Site "Samarkand UZB"]
[Date "2023.12.30"]
[Round "13.12"]
[White "Tokhirjonova, Gulrukhbegim"]
[Black "Beydullayeva, Govhar"]
[Result "1-0"]
[WhiteElo "2265"]
[BlackElo "2132"]
[EventDate "2023.12.29"]

1. e4 c5 2. Nf3 d6 3. c4 Nf6 4. Nc3 Bg4 5. h3 Bxf3 6. Qxf3 Nc6 7. d3 g6 8.
Be3 Bg7 9. g4 O-O 10. Bg2 Nd7 11. Qe2 Nd4 12. Qd2 Rb8 13. O-O a6 14. Rae1
b5 15. b3 e6 16. f4 Qa5 17. Ne2 Qxd2 18. Bxd2 bxc4 19. dxc4 a5 20. Nxd4
Bxd4+ 21. Be3 a4 22. Bxd4 cxd4 23. bxa4 e5 24. fxe5 dxe5 25. Rb1 Ra8 26.
Rb4 Rfb8 27. Rfb1 Rxb4 28. Rxb4 f6 29. h4 h6 30. Rb7 Nc5 31. Rb6 Rxa4 32.
Rxf6 Kg7 33. Rc6 Rxc4 34. a4 Rc1+ 35. Kh2 d3 36. a5 d2 37. Bf3 Nd3 38. Rd6
Ne1 39. Be2 Rc2 40. Kg1 Ra2 41. a6 Ra1 42. Kf2 Ra2 43. g5 hxg5 44. hxg5 Kf8
45. Kf1 Ra1 46. Kf2 Ra2 47. Kg3 Ke7 48. Rxg6 Nc2 49. a7 Kf7 50. Rf6+ Kg7
51. Rd6 Nd4 52. Rd7+ Kg6 53. Bg4 Ra3+ 54. Kh4 Ra1 55. Bh5# 1-0

[Event "World Blitz Women 2023"]
[Site "Samarkand UZB"]
[Date "2023.12.30"]
[Round "13.13"]
[White "Bivol, Alina"]
[Black "Nurgali, Nazerke"]
[Result "1-0"]
[WhiteElo "2250"]
[BlackElo "2068"]
[EventDate "2023.12.29"]

1. e4 c5 2. Nf3 e6 3. c3 Nf6 4. e5 Nd5 5. a3 d6 6. d4 cxd4 7. c4 Nc7 8. Bg5
Be7 9. Bxe7 Qxe7 10. exd6 Qxd6 11. Qxd4 Qxd4 12. Nxd4 e5 13. Nb5 Nxb5 14.
cxb5 O-O 15. Nc3 Nd7 16. Nd5 Nc5 17. Rc1 Nb3 18. Rc7 b6 19. Bc4 Nd4 20. O-O
Be6 21. Ne7+ Kh8 22. Bxe6 Nxe6 23. Rd7 Nc5 24. Rd5 f6 25. Nc6 a6 26. bxa6
Nxa6 27. Rfd1 Nc5 28. h3 h6 29. Rd6 Ne4 30. Rd7 Nc5 31. Re7 Rae8 32. Rxe8
Rxe8 33. Nb4 Na4 34. Rd2 Rc8 35. Kh2 Kh7 36. Nd5 Rc6 37. b3 Nc5 38. b4 Na4
39. Ne7 Re6 40. Nf5 Kg6 41. g4 Kf7 42. Rd7+ Kf8 43. Rxg7 Rc6 44. Ra7 Nb2
45. Nxh6 Nd3 46. Kg3 Rc3 47. Nf5 Nf4+ 48. f3 Ne2+ 49. Kh4 Rxf3 50. Kh5
Rxh3+ 51. Kg6 Nf4+ 52. Kxf6 Nd5+ 53. Kxe5 Nc3 54. Rc7 Nb5 55. Rb7 Nxa3 56.
Kf6 1-0

[Event "World Blitz Women 2023"]
[Site "Samarkand UZB"]
[Date "2023.12.30"]
[Round "13.14"]
[White "Peycheva, Gergana"]
[Black "Druzhinina, Olga"]
[Result "1-0"]
[WhiteElo "2216"]
[BlackElo "2055"]
[EventDate "2023.12.29"]

1. d4 Nf6 2. c4 g6 3. Nc3 d5 4. cxd5 Nxd5 5. Bd2 Bg7 6. e4 Nxc3 7. Bxc3 O-O
8. Nf3 c5 9. d5 Bxc3+ 10. bxc3 Qa5 11. Qd2 b5 12. Be2 Nd7 13. h4 h5 14. e5
Kg7 15. O-O Bb7 16. Rfd1 Rad8 17. Qe3 a6 18. Ng5 Nb6 19. d6 exd6 20. exd6
Nd7 21. Bf3 Qb6 22. Bxb7 Qxb7 23. Qf4 Rde8 24. Re1 Qd5 25. Rad1 Rxe1+ 26.
Rxe1 Nf6 27. Re7 Ng4 28. g3 Qd1+ 29. Kg2 Qd5+ 30. Qf3 Qxf3+ 31. Kxf3 Kg8
32. d7 f6 33. Ne6 Ne5+ 34. Ke4 Nxd7 35. Rxd7 Re8 36. Kd5 b4 37. cxb4 cxb4
38. Rg7+ Kh8 39. Rxg6 a5 40. Rxf6 a4 41. Rf4 b3 42. Rxa4 bxa2 43. Rxa2 Ra8
44. Ke4 1-0

[Event "World Blitz Women 2023"]
[Site "Samarkand UZB"]
[Date "2023.12.30"]
[Round "13.15"]
[White "Zhao, Shengxin"]
[Black "Voit, Daria"]
[Result "0-1"]
[WhiteElo "2079"]
[BlackElo "2215"]
[EventDate "2023.12.29"]

1. d4 Nf6 2. c4 e6 3. g3 d5 4. Bg2 Bb4+ 5. Bd2 Bd6 6. Nf3 c6 7. O-O Nbd7 8.
Qc2 Ne4 9. Be1 O-O 10. Nfd2 f5 11. Nc3 Qe7 12. f3 Nxc3 13. bxc3 b6 14. e4
Bb7 15. Bf2 c5 16. exd5 exd5 17. Rae1 Qf7 18. cxd5 cxd4 19. Bxd4 Bxd5 20.
c4 Bb7 21. f4 Bxg2 22. Kxg2 Rac8 23. Qd3 Bb4 24. Rc1 Bxd2 25. Qxd2 Rxc4 26.
Rxc4 Qxc4 27. Kg1 Qd5 28. Rd1 Nc5 29. Bxc5 Qxc5+ 30. Kg2 Re8 31. Qd3 Qc6+
32. Kh3 Qe6 33. Rd2 h6 34. Qb3 Qxb3 35. axb3 Re3 36. Rd8+ Kh7 37. Rd7 a5
38. b4 axb4 39. Rd4 b3 40. Rb4 Re6 41. Rxb3 Kg6 42. Rb5 Kf6 43. Kg2 g6 44.
Kf3 h5 45. h3 Ke7 46. g4 hxg4+ 47. hxg4 fxg4+ 48. Kxg4 Kd7 49. f5 gxf5+ 50.
Kxf5 Rh6 51. Ke4 Kc6 52. Rb1 Rd6 53. Rc1+ Kb7 54. Ke5 Rd7 55. Ke4 b5 56.
Rc2 Kb6 57. Rc8 b4 58. Rb8+ Kc5 59. Rc8+ Kb5 60. Rc1 b3 61. Rc8 Kb4 62.
Rb8+ Kc3 63. Ke3 b2 64. Rc8+ Kb3 65. Rb8+ Kc2 66. Rc8+ Kb1 67. Rb8 Ra7 68.
Kd4 0-1

[Event "World Blitz Women 2023"]
[Site "Samarkand UZB"]
[Date "2023.12.30"]
[Round "13.16"]
[White "Velpula, Sarayu"]
[Black "Yu, Jennifer"]
[Result "0-1"]
[WhiteElo "1747"]
[BlackElo "2197"]
[EventDate "2023.12.29"]

1. e4 g6 2. d4 Bg7 3. Nc3 d6 4. Be3 a6 5. Qd2 b5 6. a4 b4 7. Na2 a5 8. c3
bxc3 9. Nxc3 h5 10. d5 Nf6 11. Bb5+ Bd7 12. f3 Bxb5 13. axb5 Nbd7 14. Nge2
Ne5 15. Ra4 Nfd7 16. h3 Nb6 17. Bxb6 cxb6 18. f4 Nd7 19. Nd4 Nc5 20. Rc4 e5
21. fxe5 Qh4+ 22. Kd1 Bxe5 23. Nf3 Qe7 24. Kc2 O-O 25. g4 h4 26. Qe1 Bf6
27. Rg1 g5 28. Nd1 Rfc8 29. Kb1 Nb3 30. Qe2 a4 31. Ne3 a3 32. bxa3 Rc5 33.
Ka2 Rxb5 34. Nf5 Qa7 35. a4 Nc5 36. e5 Ra5 0-1

[Event "World Blitz Women 2023"]
[Site "Samarkand UZB"]
[Date "2023.12.30"]
[Round "13.17"]
[White "Arabidze, Meri"]
[Black "Soumya, Swaminathan"]
[Result "1-0"]
[WhiteElo "2416"]
[BlackElo "2154"]
[EventDate "2023.12.29"]

1. Nf3 Nf6 2. g3 g6 3. b3 Bg7 4. Bb2 O-O 5. Bg2 c5 6. c4 d6 7. O-O e5 8. d3
Nc6 9. Nc3 h6 10. Nd2 Be6 11. Nde4 Ne8 12. Nd5 a6 13. Nec3 Rb8 14. a3 b5
15. cxb5 axb5 16. b4 Qd7 17. e3 Bh3 18. Rc1 Bxg2 19. Kxg2 Nd8 20. Qb3 Ne6
21. f4 Kh7 22. Kg1 f5 23. Ne2 g5 24. bxc5 Nxc5 25. Qd1 exf4 26. Bxg7 Nxg7
27. gxf4 g4 28. Nd4 Rbe8 29. Qd2 Qb7 30. Nb4 Nh5 31. Rce1 g3 32. h3 Rg8 33.
Qg2 Qf7 34. Qd5 Qxd5 35. Nxd5 Nxd3 36. Rd1 g2 37. Rf3 Nc5 38. Nxf5 Rgf8 39.
Nxd6 Rd8 40. Nxb5 Ne4 41. Rd4 Kg7 42. Rxe4 Rxd5 43. Nd4 Nf6 44. Re7+ Kh8
45. Kxg2 Rg8+ 46. Rg3 Rxg3+ 47. Kxg3 Ra5 48. Re6 Nh5+ 49. Kf3 Rxa3 50.
Rxh6+ 1-0

[Event "World Blitz Women 2023"]
[Site "Samarkand UZB"]
[Date "2023.12.30"]
[Round "13.18"]
[White "Kurbonboeva, Sarvinoz"]
[Black "Zhai, Mo"]
[Result "0-1"]
[WhiteElo "2054"]
[BlackElo "2342"]
[EventDate "2023.12.29"]

1. d4 Nf6 2. Nf3 d5 3. g3 Bf5 4. Bg2 e6 5. O-O c6 6. c4 h6 7. Nc3 Be7 8. b3
O-O 9. Bf4 Nbd7 10. Rc1 Ne4 11. Nd2 Ba3 12. Ndxe4 Bxc1 13. Qxc1 dxe4 14.
Nxe4 Bxe4 15. Bxe4 Nf6 16. Bb1 Qxd4 17. Rd1 Qb6 18. Be3 Qc7 19. Bxh6 Rfd8
20. Rxd8+ Rxd8 21. Qg5 Ne8 22. Bd3 Kf8 23. Qc5+ Qd6 24. Qxd6+ Nxd6 25. Be3
a6 26. Bc5 Ke8 27. Kg2 Kd7 28. Bb6 Re8 29. h4 Nc8 30. Bd4 e5 31. Bc3 g6 32.
f3 Nd6 33. g4 e4 34. fxe4 Nxe4 35. Bd4 c5 36. Bb2 f5 37. gxf5 gxf5 38. Kf3
Ke6 39. Kf4 Rg8 40. Bxe4 Rg4+ 41. Kf3 Rxe4 42. Kg3 0-1